| 000 | 00862nam a2200289 a 4500 | ||
|---|---|---|---|
| 001 | C01517492c-2 | ||
| 003 | CO-ViMGA | ||
| 005 | 20230915233133.0 | ||
| 008 | 160209s2013 ck gr 00010dspa d | ||
| 020 | _a9789504935537 | ||
| 040 |
_aCO-ViMGA _bspa _cCO-ViMGA |
||
| 043 | _as-ag--- | ||
| 090 | _aC MAR38u | ||
| 100 | 1 |
_aMartínez, Guillermo, _d1962- _93489 |
|
| 245 | 1 | 0 |
_aUna felicidad repulsiva / _cGuillermo Martínez. |
| 250 | _a2a. ed. | ||
| 260 |
_aBuenos Aires : _bGrupo Editorial Planeta, _c2013. |
||
| 300 |
_a216 páginas ; _c23 cm. |
||
| 500 | _aIncluye índice. | ||
| 650 | 1 | 4 |
_aCuentos argentinos. _93490 |
| 650 | 1 | 4 |
_aCuentos de terror. _93494 |
| 650 | 1 | 4 |
_aCuentos eróticos. _93495 |
| 650 | 1 | 4 |
_aDios _v Cuentos. _93491 |
| 650 | 1 | 4 |
_aMisterio _v Cuentos. _93493 |
| 650 | 1 | 4 |
_aNarrativa argentina _vRelatos. _93492 |
| 942 |
_2ddc _cBK |
||
| 999 |
_c35546 _d35546 |
||